[Event "Is Bankasi Online Satranc Turn.13-14 Yas"]
[Site "T#645826Mustafa Kemal"]
[Date "2020.05.08"]
[Round "1"]
[White "Orkuncagankose80"]
[Black "Yankitaspinar54"]
[Result "0-1"]
[WhiteElo "1620"]
[BlackElo "2021"]
[Annotator "TA"]
[PlyCount "96"]
[EventDate "2020.05.08"]
[EventType "swiss (blitz)"]

{[%evp 13,95,1,5,7,16,-6,-9,-12,-14,-13,15,0,27,-1,0,0,0,0,0,0,2,-37,20,-36,0,-149,-136,-136,-136,-139,-137,-150,-143,-178,-179,-180,-177,-229,-188,-181,-170,-428,-428,-434,-426,-434,-422,-421,-306,-427,-411,-4994,-4902,-1408,-625,-946,-926,-29985,-29986,-29985,-29983,-29988,-29989,-29991,-29991,-29992,-29993,-29993,-29994,-29994,-29995,-29996,-29997,-29997,-29997,-29997,-29998,-29998,-29997,-29997,-29998,-29998,-29999,-29999]} 1. e4 e5 2. Nf3 Nc6 3. Bc4 Nf6 4. d3 Bc5 5. Nc3 d6 6. h3 h6 7. a3 {7.Na4 is setting a new trend.} a6 8. b4 {C50: Hungarian Defence and Giuoco Pianissimo.} Ba7 9. Bb2 O-O 10. O-O {The position is equal.} Re8 11. Re1 Be6 {[#]} 12. Bxe6 $146 (12. Nd5 {is interesting.} Nd4 13. Bxd4 Bxd4 14. Nxd4 exd4 15. Nxf6+ Qxf6 16. Bxe6 Qxe6 17. a4) ({Predecessor:} 12. Nd5 Ne7 13. Nxf6+ gxf6 14. Bxe6 fxe6 15. Nh4 Kh7 16. Bc1 Ng6 17. Qh5 Nxh4 18. Qxh6+ {1-0 (48) Reiter,U (1176)-Koschmieder,J (1361) Troisdorf 2013}) 12... Rxe6 13. Qd2 d5 14. exd5 Nxd5 15. Nxd5 Qxd5 16. Rad1 Rae8 17. Qe2 b5 (17... Qa2 $15 18. c3 e4 19. dxe4 Rxe4) 18. Nd2 ({White should play} 18. c4 $11 Qd7 19. c5) 18... Bd4 (18... Qa2 {seems wilder.} 19. Rb1 Bd4 20. c3 Ba7 21. Nf1 Rd8) 19. Bxd4 {Black continues to play with concentration.} (19. c3 $11 {remains equal.} Qa2 20. Ne4) 19... Nxd4 $17 20. Qe4 Qxe4 21. Nxe4 Nxc2 {[%mdl 64] Double Attack} 22. Re2 Nd4 $36 {[%mdl 2048] Black is really pushing.} ({And not} 22... Nxa3 23. Ra2 $16) 23. Red2 {[#]} a5 $1 {[%mdl 512]} 24. Nc5 (24. bxa5 Ra6) 24... Rc6 25. Ne4 (25. Re1 {was necessary.}) 25... f5 26. Nc5 Kf7 27. g3 $2 (27. Kf1 {was called for.}) 27... Nf3+ $19 28. Kg2 Nxd2 29. Rxd2 axb4 30. axb4 {[%mdl 4096] Endgame KRR-KRN} Ra8 31. Rc2 {[#]} Ra4 $1 32. Nxa4 (32. Rb2 $142 Ra8 33. Re2) 32... Rxc2 {KR-KN} 33. Nc5 {[#]} Rb2 (33... Rxc5 $142 $1 34. bxc5 b4) 34. Nd7 Ke6 35. Nb6 cxb6 {Black mates.} 36. g4 Rxb4 37. gxf5+ Kxf5 {KR-K3P} 38. f3 Rd4 39. Kg3 b4 40. Kf2 b3 41. Ke2 b2 42. Kd2 b1=Q 43. Ke2 Qxd3+ 44. Kf2 Qd2+ 45. Kg3 Qf4+ 46. Kf2 Rd2+ 47. Kg1 Qg3+ 48. Kf1 Qf2# {Accuracy: White = 32%, Black = 66%.} 0-1

[Event "Is Bankasi Online Satranc Turn.13-14 Yas"]
[Site "T#645826Mustafa Kemal"]
[Date "2020.05.08"]
[Round "1"]
[White "Ruzgarbulutaks56"]
[Black "Ahmethamzabayr88"]
[Result "1-0"]
[WhiteElo "1620"]
[BlackElo "1620"]
[Annotator "NA RC"]
[PlyCount "81"]
[EventDate "2020.05.08"]
[EventType "swiss (blitz)"]

1. e4 {[%emt 0:00:02]} e5 {[%emt 0:00:03]} 2. f4 {[%emt 0:00:02]} exf4 {[%emt 0:00:04]} 3. Nf3 {[%emt 0:00:01]} Nc6 {[%emt 0:00:03]} 4. d4 {[%emt 0:00:02]} d5 {[%emt 0:00:04]} 5. exd5 {[%emt 0:00:03]} Qxd5 {[%emt 0:00:02]} 6. Nc3 {[%emt 0:00:01]} Qe6+ {[%emt 0:00:04]} 7. Be2 {[%emt 0:00:01]} Nf6 {[%emt 0:00:04]} 8. d5 {[%emt 0:00:01]} Nxd5 {[%emt 0:00:04]} 9. Qxd5 {[%emt 0:00:05]} Qxd5 {[%emt 0:00:02]} 10. Nxd5 {[%emt 0:00:01]} Bd6 {[%emt 0:00:07]} 11. Nxf4 {[%emt 0:00:05]} O-O {[%emt 0:00:05]} 12. O-O {[%emt 0:00:02]} f6 {[%emt 0:00:06]} 13. Bc4+ {[%emt 0:00:08]} Kh8 {[%emt 0:00:04]} 14. Bd2 {[%emt 0:00:01]} Ne5 {[%emt 0:00:03]} 15. Nxe5 {[%emt 0:00:02]} Bxe5 {[%emt 0:00:01]} 16. Rae1 {[%emt 0:00:03]} g5 {[%emt 0:00:08]} 17. Nd5 {[%emt 0:00:02]} Bxb2 {[%emt 0:00:10]} 18. Bxg5 {[%emt 0:00:06]} Bd7 {[%emt 0:00:07]} 19. Nxf6 {[%emt 0:00:03]} Bxf6 {[%emt 0:00:03]} 20. Bxf6+ {[%emt 0:00:01]} Rxf6 {[%emt 0:00:05]} 21. Rxf6 {[%emt 0:00:01]} Kg7 {[%emt 0:00:03]} 22. Rf7+ {[%emt 0:00:01]} Kg6 {[%emt 0:00:05]} 23. Rxd7 {[%emt 0:00:01]} Rf8 {[%emt 0:00:03]} 24. Rxc7 {[%emt 0:00:02]} a6 {[%emt 0:00:02]} 25. Rxb7 {[%emt 0:00:01]} h5 {[%emt 0:00:03]} 26. Rb6+ {[%emt 0:00:01]} Rf6 {[%emt 0:00:04]} 27. Rxf6+ {[%emt 0:00:03]} Kxf6 {[%emt 0:00:02]} 28. Bxa6 {[%emt 0:00:02]} Kg5 {[%emt 0:00:02]} 29. Bc4 {[%emt 0:00:02]} h4 {[%emt 0:00:02]} 30. a4 {[%emt 0:00:02]} Kg4 {[%emt 0:00:03]} 31. a5 {[%emt 0:00:02]} h3 {[%emt 0:00:03]} 32. a6 {[%emt 0:00:01]} hxg2 {[%emt 0:00:02]} 33. a7 {[%emt 0:00:01]} Kf3 {[%emt 0:00:02]} 34. a8=Q+ {[%emt 0:00:02]} Kg4 {[%emt 0:00:04]} 35. Re4+ {[%emt 0:00:02]} Kf3 {[%emt 0:00:01]} 36. Rh4+ {[%emt 0:00:03]} Ke3 {[%emt 0:00:06]} 37. Qe4+ {[%emt 0:00:02]} Kd2 {[%emt 0:00:02]} 38. Rh3 {[%emt 0:00:05]} Kc1 {[%emt 0:00:03]} 39. Qe1+ {[%emt 0:00:01]} Kb2 {[%emt 0:00:01]} 40. Rb3+ {[%emt 0:00:01]} Ka2 {[%emt 0:00:04]} 41. Qb1# {[%emt 0:00:01] (Lag: Av=0.64s, max=1.5s)} 1-0

[Event "Is Bankasi Online Satranc Turn.13-14 Yas"]
[Site "T#645826Mustafa Kemal"]
[Date "2020.05.08"]
[Round "1"]
[White "Sinasiatabozku42"]
[Black "Abdullahefeani74"]
[Result "1-0"]
[WhiteElo "1620"]
[BlackElo "1620"]
[Annotator "NA RC"]
[PlyCount "117"]
[EventDate "2020.05.08"]
[EventType "swiss (blitz)"]
[TimeControl "180+2"]

1. c4 {[%emt 0:00:04]} d6 {[%emt 0:00:03]} 2. Nc3 {[%emt 0:00:06]} Nd7 {[%emt 0:00:02]} 3. g3 {[%emt 0:00:04]} Ngf6 {[%emt 0:00:02]} 4. Bg2 {[%emt 0:00:02]} e5 {[%emt 0:00:01]} 5. Nf3 {[%emt 0:00:02]} Be7 {[%emt 0:00:01]} 6. O-O {[%emt 0:00:01]} c6 {[%emt 0:00:02]} 7. d3 {[%emt 0:00:01]} Qc7 {[%emt 0:00:01]} 8. Nd2 {[%emt 0:00:01]} O-O {[%emt 0:00:01]} 9. Nde4 {[%emt 0:00:03]} Re8 {[%emt 0:00:02]} 10. f4 {[%emt 0:00:02]} b6 {[%emt 0:00:10]} 11. fxe5 {[%emt 0:00:11]} dxe5 {[%emt 0:00:03]} 12. Nxf6+ {[%emt 0:00:05]} Bxf6 {[%emt 0:00:01]} 13. Nb5 {[%emt 0:00:15]} cxb5 {[%emt 0:00:36]} 14. Bxa8 {[%emt 0:00:00]} Bb7 {[%emt 0:00:01]} 15. Bxb7 {[%emt 0:00:02]} Qxb7 {[%emt 0:00:00]} 16. cxb5 {[%emt 0:00:01]} Nc5 {[%emt 0:00:03]} 17. e4 {[%emt 0:00:02]} Rd8 {[%emt 0:00:06]} 18. Rf3 {[%emt 0:00:09]} Nxe4 {[%emt 0:00:02]} 19. Qe2 {[%emt 0:00:09]} Nc5 {[%emt 0:00:09]} 20. Re3 {[%emt 0:00:10]} h6 {[%emt 0:00:19]} 21. Bd2 {[%emt 0:00:12]} Qd5 {[%emt 0:00:02]} 22. Rd1 {[%emt 0:00:17]} Bg5 {[%emt 0:00:04]} 23. Rf3 {[%emt 0:00:11]} Qd4+ {[%emt 0:00:17]} 24. Be3 {[%emt 0:00:28]} Bxe3+ {[%emt 0:00:05]} 25. Qxe3 {[%emt 0:00:00]} Qxb2 {[%emt 0:00:12]} 26. Rd2 {[%emt 0:00:17]} Qxb5 {[%emt 0:00:07]} 27. Qxe5 {[%emt 0:00:12]} Qa5 {[%emt 0:00:19]} 28. Rdf2 {[%emt 0:00:09]} Rxd3 {[%emt 0:00:09]} 29. Rxd3 {[%emt 0:00:05]} Nxd3 {[%emt 0:00:04]} 30. Qe8+ {[%emt 0:00:02]} Kh7 {[%emt 0:00:05]} 31. Qe4+ {[%emt 0:00:00]} g6 {[%emt 0:00:03]} 32. Qxd3 {[%emt 0:00:01]} Qg5 {[%emt 0:00:12]} 33. Rxf7+ {[%emt 0:00:04]} Kg8 {[%emt 0:00:03]} 34. Rf1 {[%emt 0:00:05]} Qc5+ {[%emt 0:00:03]} 35. Rf2 {[%emt 0:00:03]} Qc1+ {[%emt 0:00:02]} 36. Kg2 {[%emt 0:00:02] Abdullahefeani74 beraberlik teklif ediyor} Qc6+ {[%emt 0:00:04]} 37. Qf3 {[%emt 0:00:08]} Qxf3+ {[%emt 0:00:06]} 38. Rxf3 {[%emt 0:00:00]} Kg7 {[%emt 0:00:03]} 39. Ra3 {[%emt 0:00:02]} a5 {[%emt 0:00:02]} 40. Rb3 {[%emt 0:00:01]} b5 {[%emt 0:00:01]} 41. Rxb5 {[%emt 0:00:02]} a4 {[%emt 0:00:01]} 42. Ra5 {[%emt 0:00:01] Abdullahefeani74 beraberlik teklif ediyor} Kf6 {[%emt 0:00:02]} 43. Rxa4 {[%emt 0:00:03]} Ke5 {[%emt 0:00:02]} 44. Rb4 {[%emt 0:00:02]} Kd5 {[%emt 0:00:01]} 45. a4 {[%emt 0:00:01]} Kc5 {[%emt 0:00:01]} 46. Rb1 {[%emt 0:00:02]} h5 {[%emt 0:00:04]} 47. a5 {[%emt 0:00:00]} h4 {[%emt 0:00:01]} 48. a6 {[%emt 0:00:00]} h3+ {[%emt 0:00:01] Abdullahefeani74 beraberlik teklif ediyor} 49. Kxh3 {[%emt 0:00:02]} g5 {[%emt 0:00:01]} 50. a7 {[%emt 0:00:03]} g4+ {[%emt 0:00:01]} 51. Kg2 {[%emt 0:00:01]} Kc6 {[%emt 0:00:02]} 52. a8=Q+ {[%emt 0:00:01]} Kc5 {[%emt 0:00:00]} 53. Qc8+ {[%emt 0:00:02]} Kd6 {[%emt 0:00:01]} 54. Rd1+ {[%emt 0:00:01]} Ke5 {[%emt 0:00:01]} 55. Qe8+ {[%emt 0:00:02] Abdullahefeani74 beraberlik teklif ediyor} Kf6 {[%emt 0:00:02]} 56. Rf1+ {[%emt 0:00:02]} Kg7 {[%emt 0:00:02]} 57. Rf7+ {[%emt 0:00:03]} Kg6 {[%emt 0:00:06]} 58. Qg8+ {[%emt 0:00:01]} Kh6 {[%emt 0:00:03]} 59. Rh7# {[%emt 0:00:00] (Lag: Av=1.52s, max=6.5s)} 1-0

[Event "Is Bankasi Online Satranc Turn.13-14 Yas"]
[Site "T#645826Mustafa Kemal"]
[Date "2020.05.08"]
[Round "1"]
[White "Sungurgursu08"]
[Black "Abdullahbatura90"]
[Result "1-0"]
[WhiteElo "1620"]
[BlackElo "1620"]
[Annotator "NA RC"]
[PlyCount "51"]
[EventDate "2020.05.08"]
[EventType "swiss (blitz)"]

1. Nf3 {[%emt 0:00:03]} Nf6 {[%emt 0:00:03]} 2. g3 {[%emt 0:00:05]} d5 {[%emt 0:00:04]} 3. Bg2 {[%emt 0:00:01]} Bg4 {[%emt 0:00:07]} 4. O-O {[%emt 0:00:01]} c6 {[%emt 0:00:04]} 5. d4 {[%emt 0:00:05]} e6 {[%emt 0:00:05]} 6. Bg5 {[%emt 0:00:07]} Be7 {[%emt 0:00:08]} 7. Nbd2 {[%emt 0:00:03]} h6 {[%emt 0:00:06]} 8. Bxf6 {[%emt 0:00:02]} Bxf6 {[%emt 0:00:00]} 9. h3 {[%emt 0:00:03]} Bf5 {[%emt 0:00:08]} 10. e3 {[%emt 0:00:25]} O-O {[%emt 0:00:07]} 11. c4 {[%emt 0:00:04]} Nd7 {[%emt 0:00:13]} 12. cxd5 {[%emt 0:00:02]} cxd5 {[%emt 0:00:02]} 13. Rc1 {[%emt 0:00:02]} Rc8 {[%emt 0:00:03]} 14. Qb3 {[%emt 0:00:27]} Nb6 {[%emt 0:00:10]} 15. a4 {[%emt 0:00:09]} Qe7 {[%emt 0:00:55]} 16. a5 {[%emt 0:00:11]} Na8 {[%emt 0:00:14]} 17. Ne5 {[%emt 0:00:12]} Bxe5 {[%emt 0:00:05]} 18. dxe5 {[%emt 0:00:01]} Rc7 {[%emt 0:00:10]} 19. Rxc7 {[%emt 0:00:12]} Qxc7 {[%emt 0:00:02]} 20. Nf3 {[%emt 0:00:06]} Be4 {[%emt 0:00:07]} 21. Nd4 {[%emt 0:00:16]} Bxg2 {[%emt 0:00:15]} 22. Kxg2 {[%emt 0:00:00]} Qxe5 {[%emt 0:00:03]} 23. Qxb7 {[%emt 0:00:06]} Nc7 {[%emt 0:00:15]} 24. Nf3 {[%emt 0:00:13]} Qe4 {[%emt 0:00:02]} 25. Qxc7 {[%emt 0:00:03]} Qa4 {[%emt 0:00:10]} 26. Rc1 {[%emt 0:00:08] Abdullahbatura90 terk eder (Lag: Av=0.88s, max=1.2s)} 1-0

[Event "Is Bankasi Online Satranc Turn.13-14 Yas"]
[Site "T#645826Mustafa Kemal"]
[Date "2020.05.08"]
[Round "1"]
[White "Taylanruzgarin00"]
[Black "Egecakir92"]
[Result "1-0"]
[WhiteElo "1620"]
[BlackElo "1620"]
[Annotator "NA RC"]
[PlyCount "69"]
[EventDate "2020.05.08"]
[EventType "swiss (blitz)"]

1. Nf3 {[%emt 0:00:02]} g6 {[%emt 0:00:01]} 2. g3 {[%emt 0:00:02]} Bg7 {[%emt 0:00:01]} 3. Bg2 {[%emt 0:00:02]} d6 {[%emt 0:00:03]} 4. O-O {[%emt 0:00:02]} Nf6 {[%emt 0:00:01]} 5. d4 {[%emt 0:00:02]} O-O {[%emt 0:00:02]} 6. c4 {[%emt 0:00:02]} c6 {[%emt 0:00:02]} 7. Nc3 {[%emt 0:00:02]} Qa5 {[%emt 0:00:05]} 8. e4 {[%emt 0:00:08]} Bg4 {[%emt 0:00:05]} 9. Be3 {[%emt 0:00:11]} Nbd7 {[%emt 0:00:04]} 10. h3 {[%emt 0:00:04]} Bxf3 {[%emt 0:00:03]} 11. Bxf3 {[%emt 0:00:00]} e5 {[%emt 0:00:01]} 12. Bg2 {[%emt 0:00:06]} Rfe8 {[%emt 0:00:48]} 13. Re1 {[%emt 0:00:02]} Qb4 {[%emt 0:00:08]} 14. Qb3 {[%emt 0:00:08]} a5 {[%emt 0:00:13]} 15. Rad1 {[%emt 0:01:25]} Rad8 {[%emt 0:00:53]} 16. Qc2 {[%emt 0:00:19]} Qxc4 {[%emt 0:00:15]} 17. Bf1 {[%emt 0:00:03]} Qe6 {[%emt 0:00:02]} 18. d5 {[%emt 0:00:07]} cxd5 {[%emt 0:00:02]} 19. Nxd5 {[%emt 0:00:01]} Nxd5 {[%emt 0:00:02]} 20. Rxd5 {[%emt 0:00:02]} f5 {[%emt 0:00:03]} 21. Red1 {[%emt 0:00:02]} fxe4 {[%emt 0:00:02]} 22. Rxd6 {[%emt 0:00:05]} Qf5 {[%emt 0:00:02]} 23. g4 {[%emt 0:00:05]} Qf3 {[%emt 0:00:22]} 24. Rxd7 {[%emt 0:00:10]} Rc8 {[%emt 0:00:01]} 25. Qb3+ {[%emt 0:00:03]} Kh8 {[%emt 0:00:02]} 26. Bg2 {[%emt 0:00:03]} Qf6 {[%emt 0:00:05]} 27. Bxe4 {[%emt 0:00:02]} Rf8 {[%emt 0:00:05]} 28. Bg2 {[%emt 0:00:14]} Bh6 {[%emt 0:00:07]} 29. Rf1 {[%emt 0:00:14]} g5 {[%emt 0:00:04]} 30. Rfd1 {[%emt 0:00:02]} Bg7 {[%emt 0:00:01]} 31. Be4 {[%emt 0:00:02]} h6 {[%emt 0:00:01]} 32. R7d6 {[%emt 0:00:06]} Qe7 {[%emt 0:00:02]} 33. Qe6 {[%emt 0:00:01]} Qc7 {[%emt 0:00:02]} 34. Qg6 {[%emt 0:00:05]} Rcd8 {[%emt 0:00:02]} 35. Qh7# {[%emt 0:00:02] (Lag: Av=1.66s, max=3.1s)} 1-0

[Event "Is Bankasi Online Satranc Turn.13-14 Yas"]
[Site "T#645826Mustafa Kemal"]
[Date "2020.05.08"]
[Round "1"]
[White "Tugrakamilerog20"]
[Black "Demirbarkincak08"]
[Result "1-0"]
[WhiteElo "1620"]
[BlackElo "1620"]
[Annotator "NA RC"]
[PlyCount "67"]
[EventDate "2020.05.08"]
[EventType "swiss (blitz)"]

1. d4 {[%emt 0:00:58]} e5 {[%emt 0:00:00]} 2. dxe5 {[%emt 0:00:02]} d6 {[%emt 0:00:06]} 3. Nf3 {[%emt 0:00:05]} Nc6 {[%emt 0:00:12]} 4. Bf4 {[%emt 0:00:06]} f6 {[%emt 0:00:09]} 5. exf6 {[%emt 0:00:15]} Nxf6 {[%emt 0:00:06]} 6. Nc3 {[%emt 0:00:02]} Bf5 {[%emt 0:00:07]} 7. e3 {[%emt 0:00:06]} Qe7 {[%emt 0:00:13]} 8. Bb5 {[%emt 0:00:06]} a6 {[%emt 0:00:21]} 9. Bxc6+ {[%emt 0:00:03]} bxc6 {[%emt 0:00:06]} 10. O-O {[%emt 0:00:04]} O-O-O {[%emt 0:00:16]} 11. Qe2 {[%emt 0:00:06]} Nd5 {[%emt 0:00:09]} 12. Qxa6+ {[%emt 0:00:10]} Kd7 {[%emt 0:00:08]} 13. Bg5 {[%emt 0:00:07]} Qe8 {[%emt 0:00:14]} 14. Bxd8 {[%emt 0:00:04]} Qxd8 {[%emt 0:00:08]} 15. Nxd5 {[%emt 0:00:02]} cxd5 {[%emt 0:00:04]} 16. Qb5+ {[%emt 0:00:04]} Ke7 {[%emt 0:00:08]} 17. Qxd5 {[%emt 0:00:05]} Bxc2 {[%emt 0:00:10]} 18. Qc4 {[%emt 0:00:11]} Bg6 {[%emt 0:00:09]} 19. Nd4 {[%emt 0:00:05]} Kd7 {[%emt 0:00:07]} 20. Qc6+ {[%emt 0:00:06]} Ke7 {[%emt 0:00:11]} 21. Qb7 {[%emt 0:00:12]} Qd7 {[%emt 0:00:06]} 22. Rac1 {[%emt 0:00:13]} c6 {[%emt 0:00:16]} 23. Nxc6+ {[%emt 0:00:08]} Ke6 {[%emt 0:00:08]} 24. Qxd7+ {[%emt 0:00:11]} Kxd7 {[%emt 0:00:03]} 25. a4 {[%emt 0:00:03]} Kc8 {[%emt 0:00:05]} 26. a5 {[%emt 0:00:02]} Kb7 {[%emt 0:00:03]} 27. b4 {[%emt 0:00:04]} Ka6 {[%emt 0:00:02]} 28. Nb8+ {[%emt 0:00:11]} Kb7 {[%emt 0:00:02]} 29. Nd7 {[%emt 0:00:03]} Ka6 {[%emt 0:00:04]} 30. Rc6+ {[%emt 0:00:03]} Kb5 {[%emt 0:00:02]} 31. Rb6+ {[%emt 0:00:02]} Ka4 {[%emt 0:00:02]} 32. Ra1+ {[%emt 0:00:02]} Kb3 {[%emt 0:00:02]} 33. a6 {[%emt 0:00:02]} Kc3 {[%emt 0:00:02]} 34. Rc6+ {[%emt 0:00:02] Zaman (Lag: Av=1.39s, max=4.2s)} 1-0

[Event "Is Bankasi Online Satranc Turn.13-14 Yas"]
[Site "T#645826Mustafa Kemal"]
[Date "2020.05.08"]
[Round "1"]
[White "Umutsenocak54"]
[Black "Aytacaydin76"]
[Result "0-1"]
[WhiteElo "1620"]
[BlackElo "1640"]
[Annotator "NA RC"]
[PlyCount "70"]
[EventDate "2020.05.08"]
[EventType "swiss (blitz)"]

1. c4 {[%emt 0:00:06]} e5 {[%emt 0:00:04]} 2. Nc3 {[%emt 0:00:07]} Nf6 {[%emt 0:00:02]} 3. e3 {[%emt 0:00:03]} d5 {[%emt 0:00:02]} 4. cxd5 {[%emt 0:00:02]} Nxd5 {[%emt 0:00:00]} 5. Nge2 {[%emt 0:00:02]} Nc6 {[%emt 0:00:02]} 6. g3 {[%emt 0:00:03]} Be6 {[%emt 0:00:08]} 7. Bg2 {[%emt 0:00:02]} Nb6 {[%emt 0:00:02]} 8. O-O {[%emt 0:00:04]} Be7 {[%emt 0:00:03]} 9. d4 {[%emt 0:00:02]} exd4 {[%emt 0:00:05]} 10. exd4 {[%emt 0:00:03]} Nd5 {[%emt 0:00:23]} 11. a3 {[%emt 0:00:14]} O-O {[%emt 0:00:04]} 12. Be3 {[%emt 0:00:05]} Re8 {[%emt 0:00:25]} 13. Qd3 {[%emt 0:00:15]} Qd7 {[%emt 0:00:42]} 14. Nf4 {[%emt 0:00:06]} Nxf4 {[%emt 0:00:08]} 15. gxf4 {[%emt 0:00:13]} Bf5 {[%emt 0:00:11]} 16. Be4 {[%emt 0:00:08]} Bxe4 {[%emt 0:00:02]} 17. Nxe4 {[%emt 0:00:03]} Qg4+ {[%emt 0:00:09]} 18. Ng3 {[%emt 0:00:02]} Bd6 {[%emt 0:00:07]} 19. Rfe1 {[%emt 0:00:34]} Bxf4 {[%emt 0:00:11]} 20. Bxf4 {[%emt 0:00:09]} Qxf4 {[%emt 0:00:00]} 21. Re4 {[%emt 0:00:06]} Rxe4 {[%emt 0:00:02]} 22. Nxe4 {[%emt 0:00:07]} Rd8 {[%emt 0:00:06]} 23. d5 {[%emt 0:00:12]} Ne5 {[%emt 0:00:05]} 24. Qd4 {[%emt 0:00:09]} Nf3+ {[%emt 0:00:01]} 25. Kf1 {[%emt 0:00:02]} Nxd4 {[%emt 0:00:02]} 26. Rd1 {[%emt 0:00:01]} Nf3 {[%emt 0:00:03]} 27. Ng3 {[%emt 0:00:06]} Nxh2+ {[%emt 0:00:01]} 28. Kg2 {[%emt 0:00:05]} Ng4 {[%emt 0:00:02]} 29. f3 {[%emt 0:00:04]} Ne3+ {[%emt 0:00:03]} 30. Kf2 {[%emt 0:00:02]} Nxd1+ {[%emt 0:00:01]} 31. Ke1 {[%emt 0:00:00]} Qxf3 {[%emt 0:00:01]} 32. Kd2 {[%emt 0:00:00]} Qxg3 {[%emt 0:00:01]} 33. Kxd1 {[%emt 0:00:01]} Rxd5+ {[%emt 0:00:01]} 34. Kc2 {[%emt 0:00:00]} Qd3+ {[%emt 0:00:02]} 35. Kc1 {[%emt 0:00:03]} Qd1# {[%emt 0:00:01] (Lag: Av=0.58s, max=1.7s)} 0-1

[Event "Is Bankasi Online Satranc Turn.13-14 Yas"]
[Site "T#645826Mustafa Kemal"]
[Date "2020.05.08"]
[Round "1"]
[White "Yigitemreyilma02"]
[Black "Suatcankorkmaz06"]
[Result "1-0"]
[WhiteElo "1620"]
[BlackElo "1620"]
[Annotator "NA RC"]
[PlyCount "47"]
[EventDate "2020.05.08"]
[EventType "swiss (blitz)"]
[TimeControl "180+2"]

1. e4 {[%emt 0:00:02]} c5 {[%emt 0:00:02]} 2. Nf3 {[%emt 0:00:01]} d6 {[%emt 0:00:01]} 3. d4 {[%emt 0:00:01]} cxd4 {[%emt 0:00:00]} 4. Nxd4 {[%emt 0:00:01]} Nf6 {[%emt 0:00:01]} 5. Nc3 {[%emt 0:00:01]} a6 {[%emt 0:00:02]} 6. Bg5 {[%emt 0:00:02]} e6 {[%emt 0:00:02]} 7. f4 {[%emt 0:00:02]} Be7 {[%emt 0:00:01]} 8. Qd2 {[%emt 0:00:02]} Nbd7 {[%emt 0:00:03]} 9. O-O-O {[%emt 0:00:02]} O-O {[%emt 0:00:02]} 10. Be2 {[%emt 0:00:04]} h6 {[%emt 0:00:09]} 11. Bxf6 {[%emt 0:00:01]} Nxf6 {[%emt 0:00:03]} 12. g4 {[%emt 0:00:02]} d5 {[%emt 0:00:13]} 13. e5 {[%emt 0:00:03]} Nd7 {[%emt 0:00:12]} 14. h4 {[%emt 0:00:27]} Bxh4 {[%emt 0:00:22]} 15. Nf3 {[%emt 0:00:05]} Be7 {[%emt 0:00:07]} 16. g5 {[%emt 0:00:22]} f6 {[%emt 0:00:41]} 17. gxh6 {[%emt 0:00:06]} gxh6 {[%emt 0:00:24]} 18. Bd3 {[%emt 0:00:15]} f5 {[%emt 0:00:08]} 19. Qg2+ {[%emt 0:00:04]} Kf7 {[%emt 0:00:03]} 20. Rxh6 {[%emt 0:00:07]} Rg8 {[%emt 0:00:11]} 21. Rh7+ {[%emt 0:00:02]} Kf8 {[%emt 0:00:04]} 22. Qh2 {[%emt 0:00:09]} Qe8 {[%emt 0:00:09]} 23. Qh6+ {[%emt 0:00:03]} Rg7 {[%emt 0:00:11]} 24. Qxg7# {[%emt 0:00:02] (Lag: Av=0.54s, max=2.5s)} 1-0

[Event "Is Bankasi Online Satranc Turn.13-14 Yas"]
[Site "T#645826Mustafa Kemal"]
[Date "2020.05.08"]
[Round "1"]
[White "matveysmirnov08"]
[Black "Ardazengin04"]
[Result "1-0"]
[WhiteElo "1620"]
[BlackElo "1545"]
[Annotator "NA RC"]
[PlyCount "61"]
[EventDate "2020.05.08"]
[EventType "swiss (blitz)"]

1. e4 {[%emt 0:00:00]} e5 {[%emt 0:00:09]} 2. Nf3 {[%emt 0:00:01]} Nc6 {[%emt 0:00:03]} 3. Bc4 {[%emt 0:00:01] matveysmirnov08 reconnected.} Bc5 {[%emt 0:00:12]} 4. c3 {[%emt 0:00:01]} Nf6 {[%emt 0:00:05]} 5. d4 {[%emt 0:00:01]} exd4 {[%emt 0:00:01]} 6. cxd4 {[%emt 0:00:00]} Bb4+ {[%emt 0:00:04]} 7. Nc3 {[%emt 0:00:01]} d5 {[%emt 0:00:12]} 8. exd5 {[%emt 0:00:07] matveysmirnov08 reconnected.} Nxd5 {[%emt 0:00:04]} 9. Bd2 {[%emt 0:00:06] matveysmirnov08 reconnected.} Nxc3 {[%emt 0:00:35]} 10. bxc3 {[%emt 0:00:03]} Ba5 {[%emt 0:00:02]} 11. O-O {[%emt 0:00:02]} O-O {[%emt 0:00:02]} 12. Re1 {[%emt 0:00:07]} Bg4 {[%emt 0:00:14]} 13. Be2 {[%emt 0:00:11] matveysmirnov08 reconnected.} Re8 {[%emt 0:00:04]} 14. Rb1 {[%emt 0:00:04]} Bb6 {[%emt 0:00:05]} 15. Be3 {[%emt 0:00:10] matveysmirnov08 reconnected.} f5 {[%emt 0:00:15]} 16. Qb3+ {[%emt 0:00:09]} Kh8 {[%emt 0:00:06]} 17. Ng5 {[%emt 0:00:08] matveysmirnov08 reconnected. matveysmirnov08 reconnected.} Qe7 {[%emt 0:01:17]} 18. Nf7+ {[%emt 0:00:07]} Kg8 {[%emt 0:00:01]} 19. Bxg4 {[%emt 0:00:06]} fxg4 {[%emt 0:00:01] matveysmirnov08 reconnected. matveysmirnov08 reconnected.} 20. Nd6+ {[%emt 0:00:10]} Qe6 {[%emt 0:00:02]} 21. Nxe8 {[%emt 0:00:02]} Qxb3 {[%emt 0:00:02]} 22. axb3 {[%emt 0:00:03]} Rxe8 {[%emt 0:00:01]} 23. d5 {[%emt 0:00:02]} Nd8 {[%emt 0:00:08]} 24. Bxb6 {[%emt 0:00:01]} axb6 {[%emt 0:00:00]} 25. Rxe8+ {[%emt 0:00:01]} Kf7 {[%emt 0:00:02]} 26. Rxd8 {[%emt 0:00:00]} Kg6 {[%emt 0:00:03] matveysmirnov08 reconnected. matveysmirnov08 reconnected.} 27. Re1 {[%emt 0:00:02]} h6 {[%emt 0:00:03]} 28. Re6+ {[%emt 0:00:01]} Kh7 {[%emt 0:00:00]} 29. h3 {[%emt 0:00:01]} g5 {[%emt 0:00:01]} 30. Rd7+ {[%emt 0:00:02]} Kg8 {[%emt 0:00:01]} 31. Re8# {[%emt 0:00:00] (Lag: Av=0.92s, max=1.5s) '} 1-0